[Event "Barcelona Sant Marti op-A 19th"]
[Site "Barcelona"]
[Date "2017.07.13"]
[Round "1"]
[White "Miranda Llanes, Yerisbel"]
[Black "Sama Salinas, Alejandro"]
[Result "1/2-1/2"]
[WhiteElo "2285"]
[BlackElo "2000"]
[PlyCount "85"]
[EventDate "2017.07.13"]
[EventType "swiss"]
[EventRounds "9"]
[EventCountry "ESP"]
[SourceTitle "EXT 2018"]
[Source "ChessBase"]
[SourceDate "2017.10.13"]
[SourceVersion "1"]
[SourceVersionDate "2017.10.13"]
[SourceQuality "1"]

1. d4 Nf6 2. c4 g6 3. Nc3 Bg7 4. e4 d6 5. Nf3 0-0 6. Be2 e5 7. 0-0 Nc6 8. d5 Ne7 9. b4 Nd7 10. a4 f5 11. Nd2 Nf6 12. Ba3 f4 13. c5 g5 14. h3 Rf7 15. Nc4 Ng6 16. Re1 Bf8 17. Rc1 Rg7 18. Bg4 Nxg4 19. hxg4 h5 20. gxh5 Nh4 21. g4 fxg3 22. fxg3 g4 23. Rf1 Nf3+ 24. Kg2 Qg5 25. Rh1 Rh7 26. Rb1 Bd7 27. Bc1 Qf6 28. Be3 Bh6 29. Bxh6 Qxh6 30. Qe2 Rf8 31. Rbf1 Rf6 32. Qe3 Qf8 33. Nd2 Rhf7 34. Nxf3 Rxf3 35. Rxf3 Rxf3 36. Qd2 Rxg3+ 37. Kxg3 Qf3+ 38. Kh2 Qh3+ 39. Kg1 Qg3+ 40. Kf1 Qf3+ 41. Kg1 Qg3+ 42. Qg2 Qe1+ 43. Kh2 1/2-1/2

[Event "Barcelona Tres Peons-G 46th"]
[Site "Barcelona"]
[Date "2017.05.19"]
[Round "5.3"]
[White "Comellas Blanchart, Jordi"]
[Black "Sama Salinas, Alejandro"]
[Result "1-0"]
[WhiteElo "2136"]
[BlackElo "2066"]
[PlyCount "57"]
[EventDate "2017.04.21"]
[EventType "swiss"]
[EventRounds "9"]
[EventCountry "ESP"]
[SourceTitle "EXT 2024"]
[Source "ChessBase"]
[SourceDate "2023.10.10"]
[SourceVersion "1"]
[SourceVersionDate "2023.10.10"]
[SourceQuality "1"]

1. d4 Nf6 2. c4 g6 3. g3 Bg7 4. Bg2 0-0 5. Nc3 d6 6. Nf3 c6 7. 0-0 Qa5 8. e4 Bg4 9. h3 Bxf3 10. Bxf3 Nbd7 11. Be3 e5 12. d5 cxd5 13. cxd5 Rac8 14. a3 a6 15. b4 Qd8 16. Qb3 Nb6 17. Be2 Rxc3 18. Qxc3 Nxe4 19. Qc2 f5 20. Rac1 Kh8 21. Rfd1 Rf7 22. a4 Ng5 23. a5 Nxh3+ 24. Kh2 Nf4 25. Bxb6 Qg5 26. gxf4 exf4 27. Bd4 Bxd4 28. Rxd4 Re7 29. Qc8+ 1-0

[Event "Cerdanyola del Valles op 24th"]
[Site "Cerdanyola del Valles"]
[Date "2016.11.05"]
[Round "5"]
[White "Sama Salinas, Alejandro"]
[Black "Norte Garcia, Andrea"]
[Result "1-0"]
[WhiteElo "1937"]
[BlackElo "1997"]
[PlyCount "127"]
[EventDate "2016.10.01"]
[EventType "swiss"]
[EventRounds "8"]
[EventCountry "ESP"]
[SourceTitle "EXT 2018"]
[Source "ChessBase"]
[SourceDate "2017.10.13"]
[SourceVersion "1"]
[SourceVersionDate "2017.10.13"]
[SourceQuality "1"]

1. d4 Nf6 2. c4 g6 3. Nc3 Bg7 4. d5 d6 5. e4 e5 6. Nf3 0-0 7. Be2 a5 8. Nd2 Nbd7 9. h4 h6 10. h5 g5 11. g4 Nc5 12. f3 c6 13. Nf1 a4 14. Ne3 cxd5 15. cxd5 Qa5 16. Nc4 Qd8 17. Be3 Ne8 18. Qd2 b6 19. Na3 Nc7 20. Ncb5 Ba6 21. Nxc7 Qxc7 22. Bxa6 Rxa6 23. Kf2 Qd7 24. Kg3 Rb8 25. Nc2 b5 26. Nb4 Raa8 27. Nc6 Rb7 28. Rac1 Rc8 29. Bxc5 dxc5 30. Rxc5 Bf8 31. Rc2 Rbc7 32. Rhc1 Bd6 33. Qe2 b4 34. Qb5 a3 35. b3 Kh7 36. Qe2 Qe8 37. Rc4 Rb7 38. R1c2 Qd7 39. Kg2 Qe8 40. Qd2 Qf8 41. Rc1 Kh8 42. R1c2 Kh7 43. Qc1 Rbc7 44. Nxe5 Rxc4 45. Rxc4 Qe7 46. Nd3 Rxc4 47. Qxc4 Qf6 48. e5 Bxe5 49. Nxe5 Qxe5 50. Qe4+ Qxe4 51. fxe4 Kg7 52. Kf3 Kf6 53. Ke3 Ke5 54. Kd3 f5 55. exf5 Kxd5 56. Ke2 Ke5 57. Ke3 Kd5 58. Kd3 Ke5 59. Kc4 Kf4 60. f6 Kxg4 61. f7 Kxh5 62. f8Q g4 63. Qg7 g3 64. Kxb4 1-0

[Event "Cerdanyola del Valles op 24th"]
[Site "Cerdanyola del Valles"]
[Date "2016.10.22"]
[Round "4"]
[White "Garcia Acosta, Roger"]
[Black "Sama Salinas, Alejandro"]
[Result "1/2-1/2"]
[WhiteElo "2127"]
[BlackElo "1937"]
[PlyCount "49"]
[EventDate "2016.10.01"]
[EventType "swiss"]
[EventRounds "8"]
[EventCountry "ESP"]
[SourceTitle "EXT 2018"]
[Source "ChessBase"]
[SourceDate "2017.10.13"]
[SourceVersion "1"]
[SourceVersionDate "2017.10.13"]
[SourceQuality "1"]

1. e4 g6 2. d4 Bg7 3. Nf3 c6 4. Nc3 d5 5. exd5 cxd5 6. Bd3 Nc6 7. h3 e6 8. Bf4 a6 9. Ne2 Nge7 10. c3 0-0 11. a4 f6 12. Bg3 e5 13. dxe5 fxe5 14. Bc2 Be6 15. Ng5 Qd7 16. Nxe6 Qxe6 17. 0-0 Rad8 18. b4 Kh8 19. Bb3 Qf5 20. Qd2 d4 21. cxd4 Nxd4 22. Nxd4 Rxd4 23. Qe1 Nd5 24. Bxd5 Rxd5 25. Rc1 1/2-1/2

[Event "Barcelona Sants op-A18th"]
[Site "Barcelona"]
[Date "2016.08.20"]
[Round "2"]
[White "Vehi Bach, Victor Manuel"]
[Black "Sama Salinas, Alejandro"]
[Result "1-0"]
[WhiteElo "2318"]
[BlackElo "1952"]
[PlyCount "49"]
[EventDate "2016.08.19"]
[EventType "swiss"]
[EventRounds "10"]
[EventCountry "ESP"]
[SourceTitle "CBM 174 Extra"]
[Source "ChessBase"]
[SourceDate "2016.10.10"]
[SourceVersion "1"]
[SourceVersionDate "2016.10.10"]
[SourceQuality "1"]

1. e4 e5 2. Nf3 Nc6 3. Nc3 Nf6 4. Bb5 Bb4 5. 0-0 0-0 6. d3 d6 7. Ne2 Ne7 8. c3 Ba5 9. Ng3 c6 10. Ba4 Ng6 11. Re1 Re8 12. h3 h6 13. d4 Bd7 14. Bc2 Bc7 15. Be3 Qe7 16. a4 d5 17. Qc1 Rad8 18. Nf5 Qf8 19. dxe5 Bxf5 20. exf6 Bc8 21. fxg7 Qxg7 22. Bxh6 Qh7 23. Bg5 Bxh3 24. Bxd8 Rxd8 25. Ng5 1-0

[Event "ESP-ch U16"]
[Site "Granada"]
[Date "2016.07.21"]
[Round "6"]
[White "Garcia Martin, Marta"]
[Black "Sama Salinas, Alejandro"]
[Result "1-0"]
[WhiteElo "2257"]
[BlackElo "1910"]
[PlyCount "71"]
[EventDate "2016.07.18"]
[EventType "swiss"]
[EventRounds "9"]
[EventCountry "ESP"]
[SourceTitle "EXT 2024"]
[Source "ChessBase"]
[SourceDate "2023.10.10"]
[SourceVersion "1"]
[SourceVersionDate "2023.10.10"]
[SourceQuality "1"]

1. e4 g6 2. d4 Bg7 3. Nf3 d6 4. Be2 Nf6 5. Nc3 0-0 6. 0-0 c6 7. a4 Bg4 8. Be3 Nbd7 9. Qd2 Qc7 10. Rad1 a6 11. h3 Bxf3 12. Bxf3 Rad8 13. Bg5 b5 14. axb5 axb5 15. b4 Nb6 16. Qf4 h5 17. Qh4 Rd7 18. g4 hxg4 19. hxg4 Nh7 20. Be3 Bf6 21. g5 Bg7 22. Bg4 e6 23. Kg2 Re8 24. Rh1 Nf8 25. e5 d5 26. Rh3 Nc4 27. Bf4 Rdd8 28. Rdh1 Qa7 29. Qg3 Nd7 30. Ne2 Ra8 31. Qh2 Kf8 32. Rh7 Ke7 33. Rxg7 Rh8 34. Qxh8 Rxh8 35. Rxh8 Nf8 36. Rgg8 1-0

[Event "Barcelona Tres Peons-B 45th"]
[Site "Barcelona"]
[Date "2016.06.03"]
[Round "8.2"]
[White "Castellanos Rodriguez, Roberto L"]
[Black "Sama Salinas, Alejandro"]
[Result "0-1"]
[WhiteElo "1943"]
[BlackElo "1716"]
[PlyCount "62"]
[EventDate "2016.04.15"]
[EventType "swiss"]
[EventRounds "9"]
[EventCountry "ESP"]
[SourceTitle "EXT 2024"]
[Source "ChessBase"]
[SourceDate "2023.10.10"]
[SourceVersion "1"]
[SourceVersionDate "2023.10.10"]
[SourceQuality "1"]

1. Nf3 Nf6 2. g3 g6 3. Bg2 Bg7 4. 0-0 0-0 5. c4 c5 6. d4 cxd4 7. Nxd4 Nc6 8. Nc3 Nxd4 9. Qxd4 d6 10. Rd1 Qa5 11. Qh4 Rb8 12. a3 Be6 13. Nd5 Bxd5 14. cxd5 Rfc8 15. Bh6 Rc2 16. Bxg7 Kxg7 17. b4 Qb6 18. e3 Rbc8 19. Qd4 Qxd4 20. Rxd4 Rb2 21. Be4 Nxe4 22. Rxe4 Rcc2 23. Rxe7 Rxf2 24. Rxb7 Rg2+ 25. Kh1 Rxh2+ 26. Kg1 Rbg2+ 27. Kf1 Rxg3 28. Rxa7 Rgg2 29. Rd7 h5 30. Rxd6 h4 31. Rc6 h3 0-1

[Event "Barcelona-B 1st"]
[Site "Barcelona"]
[Date "2015.12.07"]
[Round "6"]
[White "Sama Salinas, Alejandro"]
[Black "Recio Reyes, Sergio"]
[Result "1/2-1/2"]
[WhiteElo "1633"]
[BlackElo "1824"]
[PlyCount "41"]
[EventDate "2015.12.05"]
[EventType "tourn"]
[EventRounds "9"]
[EventCountry "ESP"]
[SourceTitle "EXT 2024"]
[Source "ChessBase"]
[SourceDate "2023.10.10"]
[SourceVersion "1"]
[SourceVersionDate "2023.10.10"]
[SourceQuality "1"]

1. d4 d5 2. Nf3 Nf6 3. e3 e6 4. Bd3 c5 5. b3 Nc6 6. Bb2 Bd6 7. Nbd2 cxd4 8. exd4 Nb4 9. Be2 a6 10. a3 Nc6 11. Bd3 Ne7 12. 0-0 Ng6 13. Re1 0-0 14. c4 b6 15. Rc1 dxc4 16. bxc4 Qe7 17. Qb3 Rd8 18. Ne4 Bf4 19. Rcd1 Nxe4 20. Bxe4 Bb7 21. d5 1/2-1/2

[Event "Barcelona-B 1st"]
[Site "Barcelona"]
[Date "2015.12.06"]
[Round "5"]
[White "Sama Salinas, Alejandro"]
[Black "Marzo Pie, Xavier"]
[Result "1/2-1/2"]
[WhiteElo "1633"]
[BlackElo "1823"]
[PlyCount "47"]
[EventDate "2015.12.05"]
[EventType "tourn"]
[EventRounds "9"]
[EventCountry "ESP"]
[SourceTitle "EXT 2024"]
[Source "ChessBase"]
[SourceDate "2023.10.10"]
[SourceVersion "1"]
[SourceVersionDate "2023.10.10"]
[SourceQuality "1"]

1. d4 d5 2. c4 e6 3. Nc3 Nf6 4. cxd5 exd5 5. Bg5 Be7 6. e3 c6 7. Qc2 0-0 8. Bd3 Re8 9. Nge2 Nbd7 10. 0-0 h6 11. Bh4 Nh5 12. Bxe7 Qxe7 13. Ng3 Nxg3 14. hxg3 Nf6 15. Rab1 Ng4 16. Ne2 Qg5 17. Nf4 h5 18. Be2 h4 19. Bxg4 Qxg4 20. gxh4 Bf5 21. Qd1 Qxh4 22. Rc1 Bg4 23. Qb3 Re7 24. Rfe1 1/2-1/2

[Event "Barcelona-B 1st"]
[Site "Barcelona"]
[Date "2015.12.05"]
[Round "2"]
[White "Conde Chijeb, Manuel Jesus"]
[Black "Sama Salinas, Alejandro"]
[Result "1/2-1/2"]
[WhiteElo "1738"]
[BlackElo "1633"]
[PlyCount "50"]
[EventDate "2015.12.05"]
[EventType "tourn"]
[EventRounds "9"]
[EventCountry "ESP"]
[SourceTitle "EXT 2024"]
[Source "ChessBase"]
[SourceDate "2023.10.10"]
[SourceVersion "1"]
[SourceVersionDate "2023.10.10"]
[SourceQuality "1"]

1. c4 c5 2. Nc3 Nc6 3. g3 g6 4. Bg2 Bg7 5. Nf3 e6 6. 0-0 Nge7 7. d3 0-0 8. Ne4 d6 9. Rb1 b6 10. Bg5 Qc7 11. Nc3 Bb7 12. Ne1 a6 13. Bd2 Nd4 14. f3 d5 15. e3 Ndc6 16. cxd5 Nxd5 17. Qb3 Nxc3 18. bxc3 b5 19. Qc2 Rfd8 20. a4 bxa4 21. Qxa4 Ne7 22. c4 Rdb8 23. Qa3 a5 24. Rb5 Nc6 25. Qxc5 a4 1/2-1/2

[Event "Llinars del Valles op-B 8th"]
[Site "Llinars del Valles"]
[Date "2015.04.25"]
[Round "3"]
[White "Francas Busquets, Joan"]
[Black "Sama Salinas, Alejandro"]
[Result "0-1"]
[WhiteElo "1904"]
[BlackElo "1967"]
[PlyCount "68"]
[EventDate "2015.04.11"]
[EventType "swiss"]
[EventRounds "9"]
[EventCountry "ESP"]
[SourceTitle "EXT 2016"]
[Source "ChessBase"]
[SourceDate "2015.10.08"]
[SourceVersion "1"]
[SourceVersionDate "2015.10.08"]
[SourceQuality "1"]

1. Nf3 Nf6 2. g3 g6 3. Bg2 Bg7 4. 0-0 0-0 5. d3 d6 6. Nbd2 Bg4 7. Ne5 dxe5 8. Bxb7 Nbd7 9. Bxa8 Qxa8 10. f3 Nd5 11. Nc4 Bh3 12. Rf2 N7b6 13. Ne3 Nxe3 14. Bxe3 e4 15. c3 Nd5 16. Qd2 Nxe3 17. Qxe3 exd3 18. exd3 e5 19. Re1 Be6 20. b3 e4 21. dxe4 Qc6 22. Rc1 Rd8 23. Kg2 Bf8 24. b4 Qd7 25. g4 c5 26. Rb2 c4 27. Rcc2 Qd3 28. Qe1 Bh6 29. h4 Bf4 30. Re2 h5 31. g5 Bh3+ 32. Kf2 Bg4 33. fxg4 Bg3+ 34. Kf1 Bxe1 0-1

[Event "Cerdanyola del Valles op-B 31th"]
[Site "Cerdanyola del Valles"]
[Date "2013.??.??"]
[Round "2.1"]
[White "Gonzalez Garcia, Sergi"]
[Black "Sama Salinas, Alejandro"]
[Result "1/2-1/2"]
[WhiteElo "1754"]
[BlackElo "1527"]
[PlyCount "114"]
[EventDate "2013.10.05"]
[EventType "swiss"]
[EventRounds "8"]
[EventCountry "ESP"]
[SourceTitle "EXT 2024"]
[Source "ChessBase"]
[SourceDate "2023.10.10"]
[SourceVersion "1"]
[SourceVersionDate "2023.10.10"]
[SourceQuality "1"]

1. e4 e6 2. d4 d5 3. Nd2 dxe4 4. Nxe4 Bd7 5. Nf3 Bc6 6. Bd3 Nd7 7. 0-0 Ngf6 8. Bg5 Be7 9. Nxf6+ Bxf6 10. Bxf6 Qxf6 11. Be2 0-0 12. b4 Bxf3 13. Bxf3 c6 14. c3 Rfd8 15. Qb3 Nb6 16. Rfe1 Nd5 17. a4 a6 18. Ra2 Qe7 19. Rae2 Qd6 20. g3 Rac8 21. Bg2 b6 22. f4 g6 23. Qc2 Nxb4 24. cxb4 Qxd4+ 25. Kh1 Qxb4 26. h3 Qd6 27. Rb1 b5 28. Kh2 Qd3 29. axb5 axb5 30. Rb3 Qd7 31. Rc3 b4 32. Rxc6 Rxc6 33. Qxc6 Qd3 34. Qc2 b3 35. Qxd3 Rxd3 36. Rb2 Rc3 37. h4 Kf8 38. Kh3 Ke7 39. Bf1 Kd6 40. Bb5 Kc5 41. Ba4 Kb4 42. Bxb3 Rxb3 43. Rd2 Re3 44. Rd7 f5 45. Rxh7 e5 46. fxe5 f4 47. Rg7 Rxg3+ 48. Kh2 Rg4 49. Kh3 Rg3+ 50. Kh2 Rg4 51. e6 Rxh4+ 52. Kg2 Rh8 53. Rxg6 Re8 54. Kf3 Kc5 55. Kxf4 Kd6 56. Kf5 Re7 57. Rg1 Rxe6 1/2-1/2